000 01003nam a22001937a 4500
003 OSt
005 20251117132224.0
008 251117b |||||||| |||| 00| 0 eng d
040 _cDCL
082 _a၂၉၄.၃၈၂၂
130 _aတိပိဋက။
_pဝိနယပိဋက။
_tကင်္ခါဝိတရဏီ၊
_lအဋ္ဌကထာ၊
_sနိဿယ။
245 _aကင်္ခါဝိတရဏီအဋ္ဌကထာ နိဿယ /
_cဘဒ္ဒန္တဇောတယန္တ။
264 _aရန်ကုန် ၊
_bမြင့်မိုရ်စာအုပ်တိုက်၊
_c၁၉၄၄။
300 _aဒ၊ ၇၁၀ စာမျက်နှာ ၊
_c၂၅ စင်တီ။
650 _aဝိနယပိဋကတ်
_vအဋ္ဌကထာနိဿယ။
650 _aကင်္ခါ
_vအဋ္ဌကထာနိဿယ။
700 _aဇောတယန္တ၊ ဘဒ္ဒန္တ
942 _2ddc
_cSHORT TERM
_n0
999 _c2497
_d2497